000
00215nam a22000857a 4500
999
_c
11695
_d
11695
008
191213b ||||| |||| 00| 0 eng d
100
_a
Gaur Lal
_9
7394
245
_a
Kahani Parain-3
260
_a
New Delhi
_b
Arya Books
_c
2008